Central Library OPAC University of Rajshahi

India and the Commonwealth, 1885-1929, (Record no. 30)

MARC details
000 -LEADER
fixed length control field 00786cam a22002651 4500
001 - CONTROL NUMBER
control field 30
003 - CONTROL NUMBER IDENTIFIER
rucl marc code BD-RjUL
005 - DATE AND TIME OF LATEST TRANSACTION
control field 20211208233109.0
008 - FIXED-LENGTH DATA ELEMENTS--GENERAL INFORMATION
fixed length control field 131117s1965 nyu b 001 0 eng d
035 ## - SYSTEM CONTROL NUMBER
System control number (BD-RjUL) 32
040 ## - CATALOGING SOURCE
Original cataloging agency DLC
Transcribing agency TNJ
Modifying agency OCoLC
-- DLC
-- BD-RjUL
Language of cataloging eng
041 ## - LANGUAGE CODE
Language code of text/sound track or separate title eng
082 ## - DEWEY DECIMAL CLASSIFICATION NUMBER
Classification number 954.035
Edition number 16
Author mark and year MEI 1965
100 1# - MAIN ENTRY--PERSONAL NAME
Personal name Mehrotra, S. R.
Dates associated with a name 1931-
9 (RLIN) 100
245 10 - TITLE STATEMENT
Title India and the Commonwealth, 1885-1929,
Statement of responsibility, etc. by S.R. Mehrotra.
260 ## - PUBLICATION, DISTRIBUTION, ETC. (IMPRINT)
Place of publication, distribution, etc. New York :
Name of publisher, distributor, etc. F. A. Praeger;
Date of publication, distribution, etc. 1965.
300 ## - PHYSICAL DESCRIPTION
Pagination 287 p. :
Size 23 cm.
504 ## - BIBLIOGRAPHY, ETC. NOTE
Bibliography, etc Includes bibliography and index.
526 ## - STUDY PROGRAM INFORMATION NOTE
Program name History
Requested Dept. History
650 #7 - SUBJECT ADDED ENTRY--TOPICAL TERM
Source of heading or term SLSH
Topical term or geographic name as entry element Politics and government
Geographic subdivision India
9 (RLIN) 1040
Source of heading or term SLSH
Topical term or geographic name as entry element Commonwealth of Nations.
9 (RLIN) 1041
942 ## - ADDED ENTRY ELEMENTS (KOHA)
Source of classification or shelving scheme Dewey Decimal Classification
Koha item type Books
Holdings
Lost status Source of classification or shelving scheme Damaged status Not for loan Collection code Permanent Location Current Location Shelving location Date acquired Source of acquisition Cost, normal purchase price Total Checkouts Full call number Date last seen Copy number Koha item type
  Dewey Decimal Classification     Non-fiction Central Library, University of Rajshahi Central Library, University of Rajshahi   08/11/1967 Karim International 40.00   954.035 MEI 1965 06/11/2013 C-4 Books
  Dewey Decimal Classification     Non-fiction Central Library, University of Rajshahi Central Library, University of Rajshahi   08/11/1967 Karim International 40.00   954.035 MEI 1965 06/11/2013 C-9 Books
  Dewey Decimal Classification     Non-fiction Central Library, University of Rajshahi Central Library, University of Rajshahi   08/11/1967 Karim International 40.00   954.035 MEI 1965 17/11/2013 C-10 Books